000 00817nam a2200241 i 4500
003 DO-SdBNP
005 20231113142420.0
006 a||||gr|||| 00| 0
007 ta
008 231113e1955 dr a|||| |||| 00| 0 spa d
040 _aDO-SdBNP
_bspa
_cBNPHU
_erda
082 4 _222
_bE56c
245 0 0 _aEncuentro con Dios padre :
_bcatequesis de iniciación cristiana 1er nivel, libro del catequista. /
_cPresentación, Juan Antonio Flores
250 _aEdición experimental
264 _aSanto Domingo :
_b[sin editora]
_c1955
300 _a131 páginas :
_bIlustraciones ;
_c23 cm.
336 _2rdacontent
_atexto
_btxt
337 _2rdamedia
_asin mediación
_bn
338 _2rdacarrier
_avolumen
_bnc
590 _aInventariado 2023 / MF
700 2 _aFlores, Juan Antonio,
_953759
_epresentación
942 _2ddc
_cLBS1
999 _c55478
_d55478